Chansons de PNL - Album Deux Frères - Statistiques

Statistiques générales
  • Ce quiz a été pris 298 fois
  • Le résultat moyen est 10 sur 16
Statistiques - réponses
Ordre dans l'album Chansons % Correct
01 Au DD
88%
08 Deux Frères
83%
03 Chang
77%
06 À l'ammoniaque
65%
04 Blanka
62%
16 La misère est si belle
61%
14 Zoulou Tchaing
61%
09 Hasta la vista
59%
15 Déconnecté
58%
05 91's
57%
02 Autre monde
57%
11 Shenmue
56%
10 Cœurs
53%
07 Celsius
52%
13 Menace
52%
12 Kuta Ubud
47%
Aucun quiz correspondant
Distribution des résultats
% des personnes avec chaque résultat
Percentile par nombre de réponses
Votre historique - résultats
Vous n’avez pas pris ce quiz